|
|
|
|
| LEADER |
00000nas a2200000 a 4500 |
| 001 |
ssj0001454299 |
| 003 |
WaSeSS |
| 005 |
20200512172242.0 |
| 006 |
m d |
| 007 |
cr n |
| 008 |
100303c20119999nyuqr p s | a0eng |
| 010 |
|
|
|a 2010207848
|
| 022 |
|
|
|y 2153-6813
|
| 035 |
|
|
|a (WaSeSS)ssj0001454299
|
| 037 |
|
|
|b Nova Science Publishers, Inc., 400 Oser Ave., Ste. 1600, Hauppauge, NY 11788-3619
|c $55.00 (single issue)
|
| 040 |
|
|
|a DLC
|b eng
|c DLC
|d DLC
|d OCLCF
|d OCLCO
|d AU@
|d CUS
|d WaSeSS
|
| 042 |
|
|
|a pcc
|a nsdp
|
| 050 |
0 |
0 |
|a HD1390
|b .J678
|
| 082 |
1 |
0 |
|a 338.4
|2 14
|
| 222 |
|
0 |
|a Journal of international real estate and construction studies
|
| 245 |
0 |
0 |
|a Journal of international real estate and construction studies
|h [electronic resource].
|
| 260 |
|
|
|a Hauppauge, NY :
|b Nova Science Publishers, Inc.
|
| 310 |
|
|
|a Quarterly
|
| 362 |
1 |
|
|a Began with Vol. 1, issue 1 (2011)
|
| 506 |
|
|
|a License restrictions may limit access.
|
| 588 |
|
|
|a Description based on: Vol. 1, issue 1 (2011); title from cover.
|
| 650 |
|
0 |
|a Real estate development
|v Periodicals.
|
| 650 |
|
0 |
|a Construction industry
|v Periodicals.
|
| 650 |
|
7 |
|a Construction industry.
|2 fast
|0 (OCoLC)fst00875964
|
| 650 |
|
7 |
|a Real estate development.
|2 fast
|0 (OCoLC)fst01090973
|
| 655 |
|
0 |
|a Electronic journals.
|
| 850 |
|
|
|a DLC
|
| 856 |
4 |
0 |
|z Full text available from Research Library: 01/01/2011 to 07/31/2014
|u https://search.proquest.com/publication/2034838
|